| 000 | 00796cab a2200265 4500 | ||
|---|---|---|---|
| 001 | ABS48983 | ||
| 008 | 090401t1993 xxu||||| |||| 00| 0 eng d | ||
| 035 | _a(Sirsi) u69335 | ||
| 041 | _aeng | ||
| 100 | _aHouston, K. | ||
| 245 | _aDrastic turn of the cover | ||
| 260 | _c1993 | ||
| 350 | _a0 | ||
| 490 |
_aAccountants Magazine _v97(1044) July 1993, 42-46(4) |
||
| 520 | _aDescribes how terrorist bombs in the City have brought property insurance in line with Continental practice, and redrawn the risk profile of other major UK cities. | ||
| 650 | _aCITY OF LONDON | ||
| 650 | _aDISASTER PLANNING | ||
| 650 | _aDISASTERS | ||
| 650 | _aTERRORISM COVER | ||
| 650 | _aTERRORISM | ||
| 650 | _aTERRORIST ATTACKS | ||
| 690 |
_aInsurance _96249 |
||
| 942 | _n0 | ||
| 948 | _c04/03/1997 | ||
| 999 |
_c43548 _d43548 |
||